000 00282nam a22001337a 4500
008 170406b xxu||||| |||| 00| 0 eng d
020 _a0070703973
041 _aeng
080 _26 ED
_a616.15
100 _a9
101 _aSHM
245 _aHEMATOLOGY
_cBEUTLER.E
942 _2udc
_cBK
999 _c9923
_d9923